000 01079nam0a22002531 4500
001 rc\669815
005 20260407122737.0
035 _a(NLR Aleph) 005908457
090 _a6351332
_c6351332
100 _a20031121d1986 |||y0rusy50 ca
101 0 _arus
102 _aRU
105 _ay |||||||||
200 1 _aНЕКОТОРЫЕ психологические аспекты предупреждения неуспеваемости учащихся по математике
_e(Метод. рекомендации)
_fОм. обл. отд. нар. образования, Обл. ин-т усоверш. учителей
_g[Сост. Н.М. Плетюк, преп.]
210 _aОмск
_cБ. и.
_d1986
215 _a13 с.
_d20
320 _aБиблиогр.: с. 13
702 1 _aПлетюк
_bН.М.
_4220
712 0 2 _aОмский областной институт усовершенствования учителей
_3RU\NLR\AUTH\889959603
_9415393
801 0 _aRU
_bNLR
_gpsbo
801 1 _aRU
_bELAR
_2rusmarc
852 _aNLR
_j88-4/6476
942 _cBOOK
980 _aNB